KOHA-Header-6

Seerat Hazrat Sayadina Abu Bakar Siddique (Record no. 12699)

000 -LEADER
fixed length control field 00259nam a22000977a 4500
082 ## - DEWEY DECIMAL CLASSIFICATION NUMBER
Classification number 297.64
100 ## - MAIN ENTRY--AUTHOR NAME
Personal name Prof: Mufti Mohammad Waseem Akram
245 ## - TITLE STATEMENT
Title Seerat Hazrat Sayadina Abu Bakar Siddique
260 ## - PUBLICATION, DISTRIBUTION, ETC. (IMPRINT)
Place of publication Pakistan
Name of publisher Mushtaque Book Corner
Year of publication 2020
942 ## - ADDED ENTRY ELEMENTS (KOHA)
Koha item type Books
Holdings
Withdrawn status Lost status Collection code Permanent Location Current Location Shelving location Date acquired Full call number Accession Number Koha item type
    Islamic Personalities Biographies MAJU MAJU   2020-11-19 297.64 9883 Islamic Personalities Biographies

Powered by Koha